Readings in managerial economics / (Record no. 58830)
[ view plain ]
| 000 -LEADER | |
|---|---|
| fixed length control field | 01003nam a2200289 a 4500 |
| 001 - CONTROL NUMBER | |
| control field | 58830 |
| 003 - CONTROL NUMBER IDENTIFIER | |
| rucl marc code | BD-RjUL |
| 005 - DATE AND TIME OF LATEST TRANSACTION | |
| control field | 20211209080648.0 |
| 008 - FIXED-LENGTH DATA ELEMENTS--GENERAL INFORMATION | |
| fixed length control field | 161220s1977 txua b 000 0 eng |
| 020 ## - INTERNATIONAL STANDARD BOOK NUMBER | |
| International Standard Book Number | 0256019045 |
| 035 ## - SYSTEM CONTROL NUMBER | |
| System control number | (BD-RjUL)58954 |
| 040 ## - CATALOGING SOURCE | |
| Original cataloging agency | DLC |
| Transcribing agency | DLC |
| Modifying agency | BD-RjUL |
| Language of cataloging | eng |
| 041 ## - LANGUAGE CODE | |
| Language code of text/sound track or separate title | eng |
| 082 00 - DEWEY DECIMAL CLASSIFICATION NUMBER | |
| Classification number | 338.5024658 |
| Edition number | 23 |
| Author mark and year | COR 1977 |
| 100 1# - MAIN ENTRY--PERSONAL NAME | |
| Personal name | Coyne, Thomas Joseph. |
| 9 (RLIN) | 174910 |
| 245 10 - TITLE STATEMENT | |
| Title | Readings in managerial economics / |
| Statement of responsibility, etc. | edited by Thomas Joseph Coyne, W. Warren Haynes, Dale K. Osborne. |
| 250 ## - EDITION STATEMENT | |
| Edition statement | Rev. ed. |
| 260 ## - PUBLICATION, DISTRIBUTION, ETC. (IMPRINT) | |
| Place of publication, distribution, etc. | Dallas : |
| Name of publisher, distributor, etc. | Business Publications, |
| Date of publication, distribution, etc. | 1977. |
| 300 ## - PHYSICAL DESCRIPTION | |
| Pagination | xiii, 485 p. : |
| Illustrations | ill. ; |
| Size | 23 cm. |
| 500 ## - GENERAL NOTE | |
| General note | In previous ed. W. W. Haynes's name appears first on t.p. |
| 504 ## - BIBLIOGRAPHY, ETC. NOTE | |
| Bibliography, etc | Includes bibliographical references. |
| 650 #0 - SUBJECT ADDED ENTRY--TOPICAL TERM | |
| Topical term or geographic name as entry element | Managerial economics. |
| 9 (RLIN) | 172583 |
| 700 1# - ADDED ENTRY--PERSONAL NAME | |
| Personal name | Haynes, W. Warren |
| Fuller form of name | (William Warren), |
| Dates associated with a name | 1921-1972, |
| Relator term | joint author. |
| Personal name | Osborne, Dale K., |
| Relator term | joint author. |
| 942 ## - ADDED ENTRY ELEMENTS (KOHA) | |
| Source of classification or shelving scheme | Dewey Decimal Classification |
| Koha item type | Books |
| Lost status | Source of classification or shelving scheme | Damaged status | Not for loan | Collection code | Permanent Location | Current Location | Shelving location | Date acquired | Total Checkouts | Full call number | Date last seen | Copy number | Koha item type |
|---|---|---|---|---|---|---|---|---|---|---|---|---|---|
| Dewey Decimal Classification | Not For Loan | Non-fiction | Central Library, University of Rajshahi | Central Library, University of Rajshahi | Reading Room | 27/07/1987 | 338.5024658 COR 1977 | 20/12/2016 | C-1 | Books |